|
|
|
|
| LEADER |
00000cam a2200000 c 4500 |
| 001 |
027377520 |
| 003 |
DE-627 |
| 005 |
20260206194129.0 |
| 007 |
tu |
| 008 |
880126s1974 gw ||||| 00| ||ger c |
| 010 |
|
|
|a 74011064
|
| 015 |
|
|
|a 74,A50,0080
|2 dnb
|
| 016 |
7 |
|
|a 740569120
|2 DE-101
|
| 020 |
|
|
|a 3540068228
|9 3-540-06822-8
|
| 020 |
|
|
|a 0387068228
|9 0-387-06822-8
|
| 035 |
|
|
|a (DE-627)027377520
|
| 035 |
|
|
|a (DE-603)059050888
|
| 035 |
|
|
|a (DE-576)007172788
|
| 035 |
|
|
|a (DE-599)GBV027377520
|
| 035 |
|
|
|a (OCoLC)00948037
|
| 035 |
|
|
|a (DE-604)8019566824
|
| 040 |
|
|
|a DE-627
|b ger
|c DE-627
|e rakwb
|
| 041 |
|
|
|a ger
|
| 044 |
|
|
|c XA-DE
|c XD-US
|
| 050 |
|
0 |
|a BF683
|
| 082 |
0 |
|
|a 152.5
|q LOC
|
| 084 |
|
|
|a 03b
|2 sdnb
|
| 084 |
|
|
|a 1
|2 ssgn
|
| 084 |
|
|
|a CP 3000
|2 rvk
|0 (DE-625)rvk/18975:
|
| 084 |
|
|
|a CP 3100
|2 rvk
|0 (DE-625)rvk/18976:
|
| 084 |
|
|
|a CP 8000
|2 rvk
|0 (DE-625)rvk/18998:
|
| 084 |
|
|
|a CP 3000
|2 rvk
|0 (DE-625)rvk/18975:
|
| 084 |
|
|
|a CP 3100
|2 rvk
|0 (DE-625)rvk/18976:
|
| 084 |
|
|
|a CP 8000
|2 rvk
|0 (DE-625)rvk/18998:
|
| 084 |
|
|
|a ZX 7150
|2 rvk
|0 (DE-625)rvk/158453:14257
|
| 084 |
|
|
|a 77.45
|2 bkl
|
| 100 |
1 |
|
|a Heckhausen, Heinz
|d 1926-1988
|0 (DE-588)11891314X
|0 (DE-627)079689736
|0 (DE-576)161345298
|4 aut
|
| 109 |
|
|
|a Heckhausen, Heinz 1926-1988
|a Chekchauzen, Chajnc 1926-1988
|
| 245 |
1 |
0 |
|a Motivationsanalysen
|b Anspruchsniveau, Motivmessung, Aufgabenattraktivität und Mißerfolg, Spielen, Frühentwicklung leistungsmotivierten Verhaltens
|c Heinz Heckhausen
|
| 264 |
|
1 |
|a Berlin
|a Heidelberg [u.a.]
|b Springer
|c 1974
|
| 300 |
|
|
|a 269 S.
|b Ill., graph. Darst.
|
| 336 |
|
|
|a Text
|b txt
|2 rdacontent
|
| 337 |
|
|
|a ohne Hilfsmittel zu benutzen
|b n
|2 rdamedia
|
| 338 |
|
|
|a Band
|b nc
|2 rdacarrier
|
| 500 |
|
|
|a Arbeiten des Autors, die zwischen 1955 und 1970 in der 'Psychologischen Forschung' erschienen sind
|
| 505 |
8 |
|
|a Literaturverz. S. 263 - 269
|
| 505 |
8 |
|
|a Literaturverz. S. 263 - 269
|
| 583 |
1 |
|
|a Archivierung/Langzeitarchivierung gewährleistet
|f PEBW
|x XA-DE-BW
|2 pdager
|5 DE-31
|
| 583 |
1 |
|
|a Archivierung/Langzeitarchivierung gewährleistet
|f SSG
|x XA-DE-BW
|2 pdager
|5 DE-21
|
| 650 |
|
0 |
|a Motivation (Psychology)
|
| 650 |
0 |
7 |
|0 (DE-588)4075001-2
|0 (DE-627)10608769X
|0 (DE-576)209196076
|a Motivationspsychologie
|2 gnd
|
| 650 |
|
4 |
|a Leistung (psychologisch)
|
| 689 |
0 |
0 |
|d s
|0 (DE-588)4114395-4
|0 (DE-627)105822507
|0 (DE-576)209484276
|a Leistungsmotivation
|2 gnd
|
| 689 |
0 |
1 |
|d s
|0 (DE-588)4113450-3
|0 (DE-627)105829390
|0 (DE-576)209476583
|a Entwicklung
|2 gnd
|
| 689 |
0 |
2 |
|d s
|0 (DE-588)4075001-2
|0 (DE-627)10608769X
|0 (DE-576)209196076
|a Motivationspsychologie
|2 gnd
|
| 689 |
0 |
3 |
|d s
|0 (DE-588)4040364-6
|0 (DE-627)106223844
|0 (DE-576)209039698
|a Motivation
|2 gnd
|
| 689 |
0 |
|
|5 (DE-627)
|
| 689 |
1 |
0 |
|d s
|0 (DE-588)4056218-9
|0 (DE-627)106155369
|0 (DE-576)209116994
|a Spiel
|2 gnd
|
| 689 |
1 |
1 |
|d s
|0 (DE-588)4047704-6
|0 (DE-627)106193821
|0 (DE-576)209074426
|a Psychologie
|2 gnd
|
| 689 |
1 |
|
|5 (DE-627)
|
| 689 |
2 |
0 |
|d s
|0 (DE-588)4164464-5
|0 (DE-627)105447323
|0 (DE-576)209888679
|a Kognitive Dissonanz
|2 gnd
|
| 689 |
2 |
1 |
|d s
|0 (DE-588)4059787-8
|0 (DE-627)106142275
|0 (DE-576)209132256
|a Theorie
|2 gnd
|
| 689 |
2 |
|
|5 (DE-627)
|
| 856 |
4 |
2 |
|u http://d-nb.info/740569120/04
|m B:DE-101
|q pdf/application
|v 20161126003402
|x Verlag
|3 Inhaltsverzeichnis
|7 1
|
| 856 |
4 |
2 |
|u http://scans.hebis.de/HEBCGI/show.pl?05905088_toc.pdf
|m V:DE-605
|q application/pdf
|3 Inhaltsverzeichnis
|7 1
|
| 935 |
|
|
|a mteo
|
| 935 |
|
|
|i Blocktest
|
| 935 |
|
|
|h HEB
|i 0501
|
| 935 |
|
|
|h HEB
|i 0503
|
| 936 |
r |
v |
|a CP 3000
|b Motivation und Gefühl
|k Psychologie
|k Allgemeine Psychologie
|k Motivation und Gefühl
|0 (DE-627)1271374501
|0 (DE-625)rvk/18975:
|0 (DE-576)201374501
|
| 936 |
r |
v |
|a CP 3100
|b Motivation und Handlung
|k Psychologie
|k Allgemeine Psychologie
|k Motivation und Handlung
|0 (DE-627)127070883X
|0 (DE-625)rvk/18976:
|0 (DE-576)20070883X
|
| 936 |
r |
v |
|a CP 8000
|b Behavior science
|k Psychologie
|k Allgemeine Psychologie
|k Behavior science
|0 (DE-627)1271443724
|0 (DE-625)rvk/18998:
|0 (DE-576)201443724
|
| 936 |
r |
v |
|a CP 3000
|b Motivation und Gefühl
|k Psychologie
|k Allgemeine Psychologie
|k Motivation und Gefühl
|0 (DE-627)1271374501
|0 (DE-625)rvk/18975:
|0 (DE-576)201374501
|
| 936 |
r |
v |
|a CP 3100
|b Motivation und Handlung
|k Psychologie
|k Allgemeine Psychologie
|k Motivation und Handlung
|0 (DE-627)127070883X
|0 (DE-625)rvk/18976:
|0 (DE-576)20070883X
|
| 936 |
r |
v |
|a CP 8000
|b Behavior science
|k Psychologie
|k Allgemeine Psychologie
|k Behavior science
|0 (DE-627)1271443724
|0 (DE-625)rvk/18998:
|0 (DE-576)201443724
|
| 936 |
r |
v |
|a ZX 7150
|b Allgemeines; Einführungen
|k Sport
|k Sportwissenschaft
|k Sportpsychologie
|k Allgemeines
|k Allgemeines; Einführungen
|0 (DE-627)1396532617
|0 (DE-625)rvk/158453:14257
|0 (DE-576)326532617
|
| 936 |
b |
k |
|a 77.45
|j Motivationspsychologie
|0 (DE-627)106418424
|
| 936 |
s |
n |
|a c200
|2 mzub
|
| 936 |
s |
n |
|a z300
|2 mzub
|
| 951 |
|
|
|a BO
|
| ELC |
|
|
|b 1
|
| LOK |
|
|
|0 000 xxxxxcx a22 zn 4500
|
| LOK |
|
|
|0 001 3142334424
|
| LOK |
|
|
|0 003 DE-627
|
| LOK |
|
|
|0 004 027377520
|
| LOK |
|
|
|0 005 20020607000000
|
| LOK |
|
|
|0 008 930212||||||||||||||||ger|||||||
|
| LOK |
|
|
|0 040
|a DE-21-110
|c DE-627
|d DE-21-110
|
| LOK |
|
|
|0 852
|a DE-21-110
|
| LOK |
|
|
|0 852 1
|c N IX 34
|m p
|9 00
|
| LOK |
|
|
|0 935
|a k110
|
| LOK |
|
|
|0 936ln
|a 8.7.9
|
| LOK |
|
|
|0 938
|k p
|
| LOK |
|
|
|0 939
|a 12-02-93
|b l01
|
| ORI |
|
|
|a SA-MARC-krimdoka001.raw
|
| SIG |
|
|
|a IFK: N IX 34
|